Time regained / (Record no. 63109)
[ view plain ]
| 000 -LEADER | |
|---|---|
| fixed length control field | 00796nam a2200265 a 4500 |
| 001 - CONTROL NUMBER | |
| control field | 63109 |
| 003 - CONTROL NUMBER IDENTIFIER | |
| rucl marc code | BD-RjUL |
| 005 - DATE AND TIME OF LATEST TRANSACTION | |
| control field | 20211209081148.0 |
| 008 - FIXED-LENGTH DATA ELEMENTS--GENERAL INFORMATION | |
| fixed length control field | 170128s1970 enk 000 1 eng d |
| 020 ## - INTERNATIONAL STANDARD BOOK NUMBER | |
| International Standard Book Number | 0701116803 : |
| 035 ## - SYSTEM CONTROL NUMBER | |
| System control number | (BD-RjUL)63237 |
| 040 ## - CATALOGING SOURCE | |
| Original cataloging agency | LC |
| Language of cataloging | eng |
| Transcribing agency | LC |
| Modifying agency | BD-RjUL |
| 041 1# - LANGUAGE CODE | |
| Language code of text/sound track or separate title | eng |
| 082 00 - DEWEY DECIMAL CLASSIFICATION NUMBER | |
| Classification number | 843.912 |
| Edition number | 23 |
| Author mark and year | PRT 1970 |
| 100 1# - MAIN ENTRY--PERSONAL NAME | |
| Personal name | Proust, Marcel |
| 9 (RLIN) | 187774 |
| 245 10 - TITLE STATEMENT | |
| Title | Time regained / |
| Statement of responsibility, etc. | Marcel Proust, translated by Andreas Mayor |
| 250 ## - EDITION STATEMENT | |
| Edition statement | 1st ed. |
| 260 ## - PUBLICATION, DISTRIBUTION, ETC. (IMPRINT) | |
| Place of publication, distribution, etc. | London : |
| Name of publisher, distributor, etc. | Chatto & Windus, |
| Date of publication, distribution, etc. | 1970. |
| 300 ## - PHYSICAL DESCRIPTION | |
| Pagination | xv, 474 p. ; |
| Size | 21 cm. |
| 490 0# - SERIES STATEMENT | |
| Series statement | Remembrance of things past. |
| Volume/sequential designation | v. 12 |
| 651 #0 - SUBJECT ADDED ENTRY--GEOGRAPHIC NAME | |
| Geographic name | France |
| General subdivision | Social life and customs |
| -- | Fiction. |
| 9 (RLIN) | 187775 |
| 700 ## - ADDED ENTRY--PERSONAL NAME | |
| Personal name | Mayor, Andreas |
| 830 ## - SERIES ADDED ENTRY--UNIFORM TITLE | |
| Uniform title | Remembrance of things past. |
| Volume number/sequential designation | v. 12 |
| 942 ## - ADDED ENTRY ELEMENTS (KOHA) | |
| Source of classification or shelving scheme | Dewey Decimal Classification |
| Koha item type | Books |
| Lost status | Source of classification or shelving scheme | Damaged status | Not for loan | Collection code | Permanent Location | Current Location | Shelving location | Date acquired | Source of acquisition | Cost, normal purchase price | Total Checkouts | Full call number | Date last seen | Copy number | Koha item type |
|---|---|---|---|---|---|---|---|---|---|---|---|---|---|---|---|
| Dewey Decimal Classification | Not For Loan | Non-fiction | Central Library, University of Rajshahi | Central Library, University of Rajshahi | Reading Room | 27/02/1973 | Blackwell | 1.50 | 843.912 PRT 1970 | 28/01/2017 | C-1 | Books |